<?xml version="1.0" encoding="UTF-8"?><marc:collection xmlns:marc="http://www.loc.gov/MARC21/slim">
  <marc:record>
    <marc:leader>00000nam##2200000za#4500</marc:leader>
    <marc:controlfield tag="001">9.606798</marc:controlfield>
    <marc:controlfield tag="003">CaOODSP</marc:controlfield>
    <marc:controlfield tag="005">20210624212817</marc:controlfield>
    <marc:controlfield tag="007">cr |||||||||||</marc:controlfield>
    <marc:controlfield tag="008">150406|2014||||xxc|||||o    f|0| 0 fre|d</marc:controlfield>
    <marc:datafield tag="020" ind1=" " ind2=" ">
      <marc:subfield code="a">978-0-660-21891-5</marc:subfield>
    </marc:datafield>
    <marc:datafield tag="040" ind1=" " ind2=" ">
      <marc:subfield code="a">CaOODSP</marc:subfield>
      <marc:subfield code="b">fre</marc:subfield>
    </marc:datafield>
    <marc:datafield tag="043" ind1=" " ind2=" ">
      <marc:subfield code="a">n-cn---</marc:subfield>
    </marc:datafield>
    <marc:datafield tag="086" ind1="1" ind2=" ">
      <marc:subfield code="a">En49-7/1-47-1F-PDF</marc:subfield>
    </marc:datafield>
    <marc:datafield tag="110" ind1="1" ind2=" ">
      <marc:subfield code="a">Canada. </marc:subfield>
      <marc:subfield code="b">Environnement Canada. </marc:subfield>
      <marc:subfield code="b">Direction des sciences et de la technologie.</marc:subfield>
    </marc:datafield>
    <marc:datafield tag="245" ind1="1" ind2="0">
      <marc:subfield code="a">Méthode d'essai biologique - essai de mesure de la survie et de la reproduction de collemboles exposés à des contaminants dans le sol </marc:subfield>
      <marc:subfield code="h">[ressource électronique]</marc:subfield>
    </marc:datafield>
    <marc:datafield tag="250" ind1=" " ind2=" ">
      <marc:subfield code="a">2e édition</marc:subfield>
    </marc:datafield>
    <marc:datafield tag="260" ind1=" " ind2=" ">
      <marc:subfield code="a">Ottawa - Ontario : </marc:subfield>
      <marc:subfield code="b">Environnement Canada. </marc:subfield>
      <marc:subfield code="c">Février 2014.</marc:subfield>
    </marc:datafield>
    <marc:datafield tag="300" ind1=" " ind2=" ">
      <marc:subfield code="a">188p.</marc:subfield>
      <marc:subfield code="b">figure, ill., références, tableaux, photographies</marc:subfield>
    </marc:datafield>
    <marc:datafield tag="490" ind1="1" ind2=" ">
      <marc:subfield code="a">Série de la Protection de l'environnement. [Méthodes de référence] </marc:subfield>
      <marc:subfield code="v">SPE 1/RM/47</marc:subfield>
    </marc:datafield>
    <marc:datafield tag="520" ind1="3" ind2=" ">
      <marc:subfield code="a">Le présent document décrit les méthodes révisées que recommande maintenant Environnement Canada pour mesurer, au moyen d’un essai biologique, la toxicité d’un sol pour des collemboles.</marc:subfield>
    </marc:datafield>
    <marc:datafield tag="590" ind1=" " ind2=" ">
      <marc:subfield code="a">15-05</marc:subfield>
      <marc:subfield code="b">2015-01-30</marc:subfield>
    </marc:datafield>
    <marc:datafield tag="775" ind1="0" ind2="8">
      <marc:subfield code="t">Biological test method - test for measuring survival and reproduction of springtails exposed to contaminants in soil </marc:subfield>
      <marc:subfield code="w">(CaOODSP)9.579248</marc:subfield>
    </marc:datafield>
    <marc:datafield tag="776" ind1="0" ind2="#">
      <marc:subfield code="t">Méthode d'essai biologique - essai de mesure de la survie et de la reproduction de collemboles exposés à des contaminants dans le sol </marc:subfield>
      <marc:subfield code="w">(CaOODSP)9.629085</marc:subfield>
    </marc:datafield>
    <marc:datafield tag="830" ind1="#" ind2="0">
      <marc:subfield code="a">Série de la Protection de l'environnement. [Méthodes de référence]</marc:subfield>
      <marc:subfield code="v">SPE 1/RM/47</marc:subfield>
      <marc:subfield code="w">(CaOODSP)9.501305</marc:subfield>
    </marc:datafield>
    <marc:datafield tag="856" ind1="4" ind2="0">
      <marc:subfield code="a">http://publications.gc.ca</marc:subfield>
      <marc:subfield code="q">PDF</marc:subfield>
      <marc:subfield code="s">2.01 Mo</marc:subfield>
      <marc:subfield code="u">https://publications.gc.ca/collections/collection_2015/ec/En49-7-1-47-1-fra.pdf</marc:subfield>
      <marc:subfield code="y">SPE 1/RM/47</marc:subfield>
    </marc:datafield>
  </marc:record>
</marc:collection>
